| 000 | 00513cam a2200193ua 4500 | ||
|---|---|---|---|
| 020 |
_a81-204-0254-5 _c47.00 |
||
| 041 |
_aeng _h |
||
| 082 |
_a631.587 _bKHU/IR |
||
| 100 | _aKhushalani, K.B . | ||
| 245 |
_aIrrigation practice and design, Vol 3 / _cK.B.Khushalani. _hTextual Documents |
||
| 250 |
_a1 / _b. |
||
| 260 |
_a : _bOxford & IBH Publishing company , _c1987. |
||
| 300 | _a550 ; . | ||
| 365 | _a47.00 | ||
| 504 | _a | ||
| 700 | 1 | _aManohar, Kushalani . | |
| 942 | _cBK | ||
| 999 |
_c1362 _d1362 |
||